00526nam a22001697a 4500010001400000020002700014035001700041035001300058037001700071082000600088100003300094245008500127260003300212270006800245300002200313700002100335 a1617CH-EN a9780143332589c399.00  aB-643347-373 aB-664646 aDPLbBSB/ven aS aBandopadhyay, Bibhutibhushan aMoon mountain / cby Bibhutibhushan Bandopadhyay; illustrated by Sayan Mukherjee aGurgaonbPuffin Books c2014 a7th Floor, Infinity Tower C, DLF Cyber City, bGurgaon e122002 a154p.c23cm(pbk)  aMukherjee, Sayan